The Gorge / directed by Scott Derrickson ; written by Zach Dean ; Produced by David Ellison, Dana Goldberg, Don Granger, Scott Derrickson, C. Robert Cargill, Sherryl Clark, Adam Kolbrenner, Zach Dean, Gregory Goodman. (Record no. 20966)

000 -LEADER
fixed length control field 01591nam a22002777a 4500
008 - FIXED-LENGTH DATA ELEMENTS--GENERAL INFORMATION
fixed length control field 250528b xxu||||| |||| 00| 0 eng d
082 ## - DEWEY DECIMAL CLASSIFICATION NUMBER
Classification number 791.4372
Item number T3403
245 ## - TITLE STATEMENT
Title The Gorge / directed by Scott Derrickson ; written by Zach Dean ; Produced by David Ellison, Dana Goldberg, Don Granger, Scott Derrickson, C. Robert Cargill, Sherryl Clark, Adam Kolbrenner, Zach Dean, Gregory Goodman.
260 ## - PUBLICATION, DISTRIBUTION, ETC. (IMPRINT)
Place of publication, distribution, etc United Kingdom,
-- United States,
Name of publisher, distributor, etc Apple TV+ (under Apple Original Films)
Date of publication, distribution, etc 2025.
300 ## - PHYSICAL DESCRIPTION
Extent 1 videofile (ca. 127 mins.) :
Other physical details sound, color.
520 ## - SUMMARY, ETC.
Summary, etc Reviewers say 'The Gorge' garners mixed reviews for its unique concept and engaging performances by Miles Teller and Anya Taylor-Joy, alongside impressive visuals. However, it faces criticism for plot holes, inconsistent pacing, and clichés. The chemistry between the leads is praised, yet the ending and certain narrative choices are often panned. Despite these issues, many find the film entertaining and worth watching for its action sequences and romantic elements.
521 ## - TARGET AUDIENCE NOTE
Target audience note Rated PG-13 for intense sequences of violence and action, brief strong language, some suggestive material and thematic elements.
650 ## - SUBJECT ADDED ENTRY--TOPICAL TERM
Topical term or geographic name as entry element Dark Romance.
650 ## - SUBJECT ADDED ENTRY--TOPICAL TERM
Topical term or geographic name as entry element Monster Horror.
650 ## - SUBJECT ADDED ENTRY--TOPICAL TERM
Topical term or geographic name as entry element Survival.
650 ## - SUBJECT ADDED ENTRY--TOPICAL TERM
Topical term or geographic name as entry element Action.
650 ## - SUBJECT ADDED ENTRY--TOPICAL TERM
Topical term or geographic name as entry element Adventure.
650 ## - SUBJECT ADDED ENTRY--TOPICAL TERM
Topical term or geographic name as entry element Horror.
650 ## - SUBJECT ADDED ENTRY--TOPICAL TERM
Topical term or geographic name as entry element Romance.
700 ## - ADDED ENTRY--PERSONAL NAME
Personal name Teller, Miles, star.
700 ## - ADDED ENTRY--PERSONAL NAME
Personal name Taylor-Joy, Anya, star.
700 ## - ADDED ENTRY--PERSONAL NAME
Personal name Weaver, Sigourney, star.
700 ## - ADDED ENTRY--PERSONAL NAME
Personal name Laustsen, Dan, cinematographer.
700 ## - ADDED ENTRY--PERSONAL NAME
Personal name Thoraval, Frédéric, editor.
942 ## - ADDED ENTRY ELEMENTS (KOHA)
Source of classification or shelving scheme
Item type Audio-Visual Materials
Holdings
Source of acquisition Price effective from Permanent location Date last seen Not for loan Date acquired Source of classification or shelving scheme Koha item type Collection code Shelving location Damaged status Lost status Withdrawn status Current location Full call number
Donation2025-05-28Cagayan State University - Carig Library2025-05-28 2025-05-28 Audio-Visual MaterialsElectronic Media CenterElectronic Media Center   Cagayan State University - Carig Library791.4372 T3403

Cagayan State University University Library, Carig Campus
Tuguegarao City, Cagayan 3500 | www.csucarig.edu.ph

Powered by Koha